Countries Lionel Richie has Visited - Statistics

General Stats
  • This quiz has been taken 12 times
  • The average score is 34 of 39
Answer Stats
Continent Country % Correct
South America Argentina
100%
Oceania Australia
100%
Europe Belgium
100%
South America Brazil
100%
North America Canada
100%
South America Chile
100%
Asia China
100%
Europe Finland
100%
Europe France
100%
Europe Germany
100%
Europe Italy
100%
Asia Japan
100%
North America Mexico
100%
Europe Netherlands
100%
Oceania New Zealand
100%
Europe Norway
100%
Africa South Africa
100%
Europe Sweden
100%
Europe United Kingdom
100%
North America United States of America
100%
Europe Austria
89%
Europe Czech Republic
89%
Europe Denmark
89%
Europe Hungary
89%
Asia Indonesia
89%
Europe Ireland
89%
Europe Luxembourg
89%
Europe Portugal
89%
Europe Switzerland
89%
Europe Monaco
78%
North America Bahamas
67%
Asia Malaysia
67%
Asia Philippines
67%
Asia Singapore
67%
Africa Morocco
56%
Asia Saudi Arabia
56%
Asia United Arab Emirates
56%
Aaia Sri Lanka
44%
Asia Israel
33%
No matching quizzes found
Score Distribution
Percent of People with Each Score
Percentile by Number Answered
Your Score History
You have not taken this quiz